Design patterns elements of reusable object-oriented software

保存先:
書誌詳細
主要な著者: Gamma, Erich (著者), Helm, Richard (著者), Johnson, Ralph (著者), Vlissides, John (著者)
フォーマット: 図書
言語:英語
出版事項: Boston Addison-Wesley 1995
シリーズ:Addison-Wesley Professional Computing Series
主題:
タグ: タグ追加
タグなし, このレコードへの初めてのタグを付けませんか!

MARC

LEADER 00000nam a2200000 a 4500
001 UCN0149
003 CL-VaPUC
008 010316e19950000US |||||||||||||||||eng|d
082 0 4 |a 005.12  |b GAM  |2 21 
100 |a Gamma, Erich  |e author  |9 524136 
700 0 |a Helm, Richard  |e author  |9 455466 
700 0 |a Johnson, Ralph  |e author  |9 455467 
700 0 |a Vlissides, John  |e author  |9 455468 
245 1 0 |a Design patterns elements of reusable object-oriented software 
300 |a 395 p 
942 |c BK 
945 |d 20010316 00:00:00  |a cmena 
260 |a Boston  |b Addison-Wesley  |c 1995 
650 0 |a Programación orientada al objeto  |9 387863 
650 0 |a Programación de computadores   |9 259531 
583 |a last modification  |c 20130306 12:38:21  |k Rodrigo Vera 
490 0 |a Addison-Wesley Professional Computing Series 
999 |c 294087  |d 294085 
952 |0 0  |1 0  |4 0  |6 005_120000000000000_GAM_1995  |7 0  |8 A  |9 345939  |a BIBING  |b BIBING  |d 2019-11-20  |i 3682331  |o 005.12 GAM 1995  |p 3682331  |r 2025-01-20  |w 2019-11-20  |y BK  |k EII 
952 |0 0  |1 0  |4 0  |6 005_120000000000000_GAM_1995  |7 0  |8 A  |9 345940  |a BIBING  |b BIBING  |d 2019-11-20  |i 4368495  |o 005.12 GAM 1995  |p 4368495  |r 2025-01-20  |w 2019-11-20  |y BK  |k EII 
952 |0 0  |1 0  |4 0  |6 005_120000000000000_GAM_1995  |7 0  |8 A  |9 345941  |a BIBING  |b BIBING  |d 2019-11-20  |i 4368509  |l 1  |o 005.12 GAM 1995  |p 4368509  |r 2025-01-20  |s 2022-08-10  |w 2019-11-20  |y BK  |k EII